মার্কিন দলিলে মুজিব হত্যাকাণ্ড / (Record no. 2534)

MARC details
000 -LEADER
fixed length control field 01175nam a2200265 a 4500
003 - CONTROL NUMBER IDENTIFIER
control field BD-DhJNU
005 - DATE AND TIME OF LATEST TRANSACTION
control field 20260115063411.0
008 - FIXED-LENGTH DATA ELEMENTS--GENERAL INFORMATION
fixed length control field 251108s2023 bg |||g |||| 000 1|ben|d
020 ## - INTERNATIONAL STANDARD BOOK NUMBER
International Standard Book Number 9789849025474
040 ## - CATALOGING SOURCE
Original cataloging agency BD-DhJNU
Language of cataloging ben
Transcribing agency BD-DhJNU
Modifying agency BD-DhJNU
041 ## - LANGUAGE CODE
Language code of text/sound track or separate title ben
082 ## - DEWEY DECIMAL CLASSIFICATION NUMBER
Classification number 954.9205 KHA
Edition number 23
100 ## - MAIN ENTRY--PERSONAL NAME
Personal name খান, মিজানুর রহমান
242 10 - TRANSLATION OF TITLE BY CATALOGING AGENCY
Title The assassination of Mujib in US documents /
Statement of responsibility, etc. Mizanur Rahman Khan
245 10 - TITLE STATEMENT
Title মার্কিন দলিলে মুজিব হত্যাকাণ্ড /
Statement of responsibility, etc. মিজানুর রহমান খান
246 ## - VARYING FORM OF TITLE
Title proper/short title Markin dolile Mujib hottyakando
250 ## - EDITION STATEMENT
Edition statement 1st ed.
260 ## - PUBLICATION, DISTRIBUTION, ETC.
Place of publication, distribution, etc. ঢাকা :
Name of publisher, distributor, etc. প্রথমা প্রকাশন,
Date of publication, distribution, etc. 2023.
300 ## - PHYSICAL DESCRIPTION
Extent ৩৭৫ পৃ. :
Other physical details চিত্র ;
Dimensions ২২ সেমি.।
504 ## - BIBLIOGRAPHY, ETC. NOTE
Bibliography, etc. note গ্রন্থপঞ্জিগত নির্দেশিকা ও নিঘন্ট অন্তভূক্ত
650 ## - SUBJECT ADDED ENTRY--TOPICAL TERM
Topical term or geographic name entry element বঙ্গবন্ধু হত্যাকাণ্ড
650 ## - SUBJECT ADDED ENTRY--TOPICAL TERM
Topical term or geographic name entry element Mujib assassination
650 ## - SUBJECT ADDED ENTRY--TOPICAL TERM
Topical term or geographic name entry element মার্কিন দলিল--US diplomatic documents
942 ## - ADDED ENTRY ELEMENTS (KOHA)
Koha item type Books
Holdings
Withdrawn status Lost status Source of classification or shelving scheme Damaged status Not for loan Collection Home library Current library Shelving location Date acquired Source of acquisition Total checkouts Full call number Barcode Date last seen Copy number Price effective from Koha item type
    Dewey Decimal Classification     Non-fiction Jagannath University Central Library Jagannath University Central Library General stacks 01/15/2026 Purchased   954.9205 KHA JNUCL33919 01/15/2026 1 01/15/2026 Books